[Event "Oebro CXU International 2024"]
[Site "Copenhagen"]
[Date "2024.07.28"]
[Round "9.7"]
[White "Heimisson, Hilmir Freyr"]
[Black "Kush, Bhagat"]
[Result "1-0"]
[WhiteElo "2392"]
[BlackElo "2188"]
[WhiteFideId "2309998"]
[BlackFideId "46672940"]
[EventDate "2024.07.22"]
[EventType "swiss"]
[EventRounds "9"]
[EventCountry "DEN"]
[SourceTitle "Live v. Obro Skakforening"]

1. d4   Nf6  2. c4   g6  3. Nf3   Bg7  4. g3   O-O  5. Bg2   d6  6. Nc3   Nc6  7. O-O   e5  8. dxe5   dxe5  9. Bg5   h6  10. Qxd8  10... Rxd8  11. Bxf6   Bxf6  12. Nd5   Kg7  13. Nxc7   Rb8  14. e4   Be7  15. h3   Be6  16. Nxe6+   fxe6  17. Rfd1   Kf6  18. Bf1   Nd4  19. Nxd4   Rxd4  20. Rxd4  20... exd4  21. Rd1   e5  22. Rd3   Ke6  23. Be2   b5  24. cxb5   Rxb5  25. Rxd4   Rxb2  26. Bc4+   Kf6  27. Rd7   a5  28. h4   a4  29. g4   g5  30. h5  30... a3  31. Bd5   Rb6  32. Rc7   Rd6  33. Kf1   Ra6  34. Kg2   Rd6  35. Rc3   Rd7  36. Rf3+   Kg7  37. Rf7+   Kh8  38. Kf3   Rc7  39. Rf5   Kg7  40. Rxe5  40... Bf6  41. Re8   Re7  42. Ra8   Bb2  43. Rg8+   Kh7  44. Rc8   Be5  45. Ra8   Bb2  46. Ra6   Rc7  47. Be6   Rc3+  48. Kg2   Rc2  49. Bf5+   Kg7  50. e5  50... Re2  51. e6   Bd4  52. Rxa3   Rxf2+  53. Kg3   Re2  54. Kf3   Re1  55. Rd3   Bc5  56. Rd7+   Kf6  57. Rd5   Bb6  58. Rd2   Re3+  59. Kg2   Re1  60. a4  60... Ra1  61. Rd7   Re1  62. Rf7+   Ke5  63. e7   Kd4  64. Bd7   Re2+  65. Kf1  1-0

[Event "Oebro CXU International 2024"]
[Site "Copenhagen"]
[Date "2024.07.28"]
[Round "9.8"]
[White "Haubro, Martin"]
[Black "Jacobsen, Mikkel Manosri"]
[Result "0-1"]
[WhiteElo "2400"]
[BlackElo "2242"]
[WhiteFideId "1414291"]
[BlackFideId "1444514"]
[EventDate "2024.07.22"]
[EventType "swiss"]
[EventRounds "9"]
[EventCountry "DEN"]
[SourceTitle "Live v. Obro Skakforening"]

1. e4   c5  2. Nf3   Nc6  3. Bb5   Nf6  4. Nc3   g6  5. e5   Ng4  6. Bxc6   dxc6  7. h3   Nh6  8. d3   Bg7  9. O-O   O-O  10. Re1  10... Nf5  11. Bf4   Nd4  12. Ne4   b6  13. a4   a5  14. Nfd2   Qc7  15. Nc4   b5  16. Na3   Ne6  17. Bg3   Bxe5  18. Bxe5   Qxe5  19. axb5   cxb5  20. Nxb5  20... Bb7  21. b3   Bc6  22. Nbc3   Nd4  23. Qd2   Rfe8  24. Ra2   f5  25. f4   Qc7  26. Nxc5   e5  27. Qf2   Qd6  28. N3a4   exf4  29. c3   Rxe1+  30. Qxe1  30... Re8  31. Qf2   Nb5  32. Ra1   Re3  33. Re1   Qe7  34. Rxe3   fxe3  35. Qe2   Nxc3  36. Nxc3   Qxc5  37. Nd1   f4  38. Kf1   Qd5  39. Qc2   Qxg2+  0-1

[Event "Oebro CXU International 2024"]
[Site "Copenhagen"]
[Date "2024.07.28"]
[Round "9.9"]
[White "Thorsen, Adrian Stenstrop"]
[Black "Gomez Aguirre, Juan Alberto"]
[Result "0-1"]
[WhiteElo "2226"]
[BlackElo "2322"]
[WhiteFideId "1473760"]
[BlackFideId "54587867"]
[EventDate "2024.07.22"]
[EventType "swiss"]
[EventRounds "9"]
[EventCountry "DEN"]
[SourceTitle "Live v. Obro Skakforening"]

1. e4   e5  2. Nf3   Nc6  3. Bc4   Bc5  4. c3   Nf6  5. d4   exd4  6. cxd4   Bb4+  7. Bd2   Bxd2+  8. Nbxd2   d5  9. exd5   Nxd5  10. Qb3 Na5  11. Qa4+   Nc6  12. Qb3   Nce7  13. O-O   O-O  14. Ne5   c6  15. a4   Qb6  16. Qxb6   axb6  17. Nb3   Be6  18. a5   bxa5  19. Nxa5   Ra7  20. Ra3  20... f6  21. Nf3   b6  22. Nb3   Rxa3  23. bxa3   Ra8  24. Ra1   Ra4  25. Nbd2   Nf4  26. Bb3   Bxb3  27. Nxb3   Nf5  28. Kf1   Ne6  29. Rc1   Ne7  30. Ra1  30... Kf7  31. g3   Nf5  32. Ke2   Nexd4+  33. Nbxd4   Nxd4+  34. Nxd4   Rxd4  35. Rc1   Rd6  36. a4   c5  37. a5   bxa5 38. Rxc5   Ra6  39. Rc3   a4  40. Ra3  40... Ke6  41. Kd3   Kd5  42. Kc3   Ra7  43. Kb2   Ke4  44. f3+   Kd4  45. h4   f5  46. Ka2   f4  47. gxf4   Rf7  48. f5   Rxf5  49. Rxa4+   Ke5  50. Rg4  50... g6  51. Re4+   Kf6  52. Re3   h5  53. Kb2   Rf4  54. Kc2   Rxh4  55. Kd2   Ra4  56. Ke2   Kf5  57. Re8   Kf4  58. Rf8+   Kg3  59. Rf6   g5  60. Rf5  60... Ra2+  61. Kf1   g4  62. fxg4   Ra1+  63. Ke2   hxg4  64. Rf8   Kg2  65. Rf2+   Kg1  66. Rf4   g3  67. Rg4   g2  68. Rg8   Ra2+  69. Ke1   Ra3  70. Ke2  70... Kh2  71. Kf2   g1=Q+  0-1

[Event "Oebro CXU International 2024"]
[Site "Copenhagen"]
[Date "2024.07.28"]
[Round "9.10"]
[White "Thogersen, Rasmus"]
[Black "Loftgaard, Mikkel Vinh"]
[Result "1-0"]
[WhiteElo "2309"]
[BlackElo "2246"]
[WhiteFideId "1431412"]
[BlackFideId "1468480"]
[EventDate "2024.07.22"]
[EventType "swiss"]
[EventRounds "9"]
[EventCountry "DEN"]
[SourceTitle "Live v. Obro Skakforening"]

1. e4   c5  2. Nc3   e6  3. Nf3   Nc6  4. Bb5   Nge7  5. d4   cxd4  6. Nxd4   a6  7. Be2   Nxd4  8. Qxd4   Nc6  9. Qd3   Be7  10. Bf4  10... O-O  11. O-O-O   b5  12. h4   Qa5  13. Qg3   Ra7  14. e5   b4  15. Ne4   b3  16. axb3   Qa1+  17. Kd2   Qxb2  18. Bd3   Nd4  19. Rc1   Kh8  20. Kd1  20... Nf5  21. Qg4   Qd4  22. Qf3   Bb7  23. g4   Nxh4  24. Qe3   Qxe3  25. Bxe3   Raa8  26. Ke2   Ng6  27. Rh5   f5  28. exf6   gxf6  29. Rch1   Rf7  30. Ng5  30... fxg5  31. Bxg6   Bxh1  32. Bxf7   Bf3+  33. Kxf3   Kg7  34. Bd4+   e5  35. Bxe5+   Kxf7  36. Rxh7+   Ke6  37. Ke4   d5+  38. Kd4   Bc5+  39. Kxc5   Kxe5  40. Re7+  40... Kf4  41. Kxd5   Rd8+  42. Kc6   Kxg4  43. c4   Rd3  44. b4   Rd4  45. Kc5   Rf4  46. Re2   Kf3  47. Rc2   Ke4  48. Re2+   Kf3  49. Rc2   Ke4  50. b5  50... Kd3  51. Rc1   axb5  52. cxb5   Rxf2  53. b6   Rf8  54. Re1   g4  55. b7   g3  56. Rg1 Rg8  57. Rxg3+   Rxg3  58. b8=Q   Rg5+  59. Kb4   Rg4+  60. Kb3  60... Rd4 61. Qg3+ Ke4  62. Kc3   Rd5  63. Qg4+   Ke5  64. Kc4   Rd6  65. Qg5+   Ke6  66. Kc5   Rd7  67. Qg6+   Ke7  68. Kc6   Kf8  69. Qh6+   Rg7  70. Kd6  70... Kg8  71. Qh5   Kf8  72. Ke5   Ke7  73. Qh6   Rf7  74. Qg6   Kf8  75. Kd6   Rd7+  76. Kc6   Rf7  77. Qg5   Rg7  78. Qd8+   Kf7  79. Kd6   Rg6+  80. Ke5  80... Rh6  81. Qd7+   Kf8  82. Qf5+   Kg7  83. Qg5+   Rg6  84. Qe7+   Kg8  85. Kf5   Rh6  86. Kg5   Rh7  87. Qe6+   Kf8  88. Qc8+   Kg7  89. Qe8  1-0

[Event "Oebro CXU International 2024"]
[Site "Copenhagen"]
[Date "2024.07.28"]
[Round "9.11"]
[White "Sriram, Jha"]
[Black "Nord, Alexander"]
[Result "1-0"]
[WhiteElo "2304"]
[BlackElo "2212"]
[WhiteFideId "5001668"]
[BlackFideId "1738135"]
[EventDate "2024.07.22"]
[EventType "swiss"]
[EventRounds "9"]
[EventCountry "DEN"]
[SourceTitle "Live v. Obro Skakforening"]

1. d4   d5  2. c4   c6  3. Nf3   Nf6  4. e3   e6  5. Bd3   Nbd7  6. Nbd2   Bd6  7. e4   dxe4  8. Nxe4   Nxe4  9. Bxe4   Nf6  10. Bc2  10... Bb4+  11. Bd2   Bxd2+  12. Qxd2   b6  13. Qg5   O-O  14. O-O-O   c5  15. dxc5   Qc7  16. Qe5   Qxc5  17. Qxc5   bxc5  18. Ne5   Bb7  19. f3   Rfd8  20. Rxd8+  20... Rxd8  21. Rd1   Rd4  22. Rxd4   cxd4  23. Kd2   g5  24. Kd3   Ne8  25. Kxd4   f5  26. Ba4   Nf6  27. Kc5   g4  28. Kd6   Nh5  29. Kxe6  1-0

[Event "Oebro CXU International 2024"]
[Site "Copenhagen"]
[Date "2024.07.28"]
[Round "9.12"]
[White "Andersen, Morten"]
[Black "Ramsdal, Jens Albert"]
[Result "1-0"]
[WhiteElo "2176"]
[BlackElo "2351"]
[BlackFideId "1429221"]
[EventDate "2024.07.22"]
[EventType "swiss"]
[EventRounds "9"]
[EventCountry "DEN"]
[SourceTitle "Live v. Obro Skakforening"]

1. Nf3   Nf6  2. d4   g6  3. c4   Bg7  4. Nc3   d5  5. e3   O-O  6. Qb3   a5  7. cxd5   a4  8. Nxa4   Nxd5  9. Bc4   e6  10. O-O  10... Nc6  11. Bd2   g5  12. Rfd1   g4  13. Ne5   Nxe5  14. dxe5   c6  15. Be2   b5  16. Nc5   Qe7  17. Rac1   Bxe5  18. Bxg4   Qh4  19. h3   f5  20. Bf3  20... Ra7  21. Nd3   Bb8  22. Rxc6   Rg7  23. Kf1   Bd7  24. Bxd5   exd5  25. Qxd5+   Rff7  26. Rb6   Qd8  27. Rxb8   Qxb8  28. Ne5   b4  29. Nxf7   Rxf7  30. Kg1  30... Qb6  31. Be1   Qg6  32. Bxb4   Bc6  33. Qd8+   Kg7  34. Bc3+  1-0

[Event "Oebro CXU International 2024"]
[Site "Copenhagen"]
[Date "2024.07.28"]
[Round "9.13"]
[White "Gregor, Bjarke"]
[Black "Egresi, Mate"]
[Result "0-1"]
[WhiteElo "2082"]
[BlackElo "2377"]
[WhiteFideId "1423401"]
[BlackFideId "738506"]
[EventDate "2024.07.22"]
[EventType "swiss"]
[EventRounds "9"]
[EventCountry "DEN"]
[SourceTitle "Live v. Obro Skakforening"]

1. e4   d6  2. d4   Nf6  3. Nc3   e5  4. Nf3   Nbd7  5. Bc4   Be7  6. O-O   O-O  7. a4   c6  8. a5   Rb8  9. h3   b5  10. axb6  10... axb6  11. dxe5   dxe5  12. Be3   Qc7  13. Qe2   b5  14. Bd3   Nc5  15. Rfc1   h6  16. Nd1   Be6  17. b4   Nxd3  18. cxd3   Ra8  19. Qb2   Nd7  20. d4  20... Rxa1  21. Qxa1   Qd6  22. dxe5   Qxb4  23. Nd4   Bc5  24. Nxc6   Qe1+  25. Kh2   Bxe3  26. fxe3   Kh7  27. Qc3   Qh4  28. Qd3   Rc8  29. Qb1   b4  30. Nxb4  30... Nxe5  31. Nd3   Rxc1  32. Qxc1   Nxd3  33. Qd2   Ne5  0-1

[Event "Oebro CXU International 2024"]
[Site "Copenhagen"]
[Date "2024.07.28"]
[Round "9.14"]
[White "Falkesgaard, Jeppe Hald"]
[Black "Johansson, Thomas"]
[Result "1-0"]
[WhiteElo "2321"]
[BlackElo "2172"]
[WhiteFideId "1464981"]
[EventDate "2024.07.22"]
[EventType "swiss"]
[EventRounds "9"]
[EventCountry "DEN"]
[SourceTitle "Live v. Obro Skakforening"]

1. c4   e6  2. g3   d5  3. Bg2   Nf6  4. Nf3   Be7  5. O-O   O-O  6. b3   c5  7. cxd5   exd5  8. d4   Nc6  9. Bb2   b6  10. Nc3  10... Bb7  11. Rc1   Rc8  12. Na4   c4  13. bxc4   dxc4  14. Nc3   Na5  15. Nh4   Bxg2  16. Nxg2   b5  17. a3   Qb6  18. e4   b4  19. axb4   Bxb4  20. e5  20... Bxc3  21. Bxc3   Nd5  22. Bxa5   Qxa5  23. Ne3   Qb5  24. Nf5   Rc7  25. Nd6   Qb3  26. Rxc4   Qxd1  27. Rxd1   Rxc4  28. Nxc4   Rd8  29. Nd6   a5  30. Ra1  30... Ra8  31. Nc4   a4  32. Kg2   g5  33. Kf3   Ra6  34. Ke4   Nc3+  35. Kd3   Nd5  36. Ne3   Nc7  37. d5   a3  38. Kc4   a2  39. d6   Ne6  40. Kb5  40... Ra3  41. Kb4   Ra8  42. Nc2   f6  43. Kc4   fxe5  44. Nb4   Kf7  45. Rxa2   Rc8+  46. Kd3   Nc5+  47. Ke3   Ke6  48. Rc2   Rb8  49. Rxc5   Rxb4  50. d7  50... Rb3+  51. Ke2   Rb2+  52. Ke3   Rb3+  53. Kd2   Kxd7  54. Rxe5   h6  55. h3   Rf3  56. Ke2   Rf6  57. Re4   Kd6  58. Ke3   Kd5  59. Re8   Kd6  60. f3  60... Kd7  61. Re4   Kd6  62. h4   Kd7  63. hxg5   hxg5  64. Re5   Rg6  65. Ke4   Rg8  66. Kf5   g4  67. f4   Rg7  68. Re6  1-0

[Event "Oebro CXU International 2024"]
[Site "Copenhagen"]
[Date "2024.07.28"]
[Round "9.15"]
[White "Ganta, Joel Paul"]
[Black "Buchal, Stephan"]
[Result "0-1"]
[WhiteElo "2056"]
[BlackElo "2211"]
[WhiteFideId "35066145"]
[BlackFideId "4603915"]
[EventDate "2024.07.22"]
[EventType "swiss"]
[EventRounds "9"]
[EventCountry "DEN"]
[SourceTitle "Live v. Obro Skakforening"]

1. b3   e5  2. Bb2   d6  3. g3   g6  4. d4   Bg7  5. dxe5   Nd7  6. Nf3   Nxe5  7. Nxe5   Bxe5  8. Bxe5   dxe5  9. Nd2   Nf6  10. Bg2  10... Qe7  11. O-O   O-O  12. Qc1   Rb8  13. Nc4   Re8  14. Qe3   b6  15. Rad1   e4  16. h3   Bb7  17. Qg5   Ba6  18. Rd4   c5  19. Rd2   Bxc4  20. bxc4  20... Kg7  21. Kh2   Rbd8  22. Rdd1   Rxd1  23. Rxd1   Rd8  24. Rxd8   Qxd8  25. Qe5   Qd4  26. Qxd4   cxd4  27. g4   g5  28. Kg3   Kf8  29. f4   exf3  30. Kxf3  30... Ke7  31. e3   dxe3  32. Kxe3   Kd6  33. Kd4   h5  34. Bf3   hxg4  35. Bxg4   Ng8  36. Bf5   Ne7  37. Be4   f5  38. Bb7   Ng6  39. Bc8   Ne7  40. Bb7  40... Nc6+  41. Kc3   Nd8  42. a4   Nxb7  43. Kd4 0-1

[Event "Oebro CXU International 2024"]
[Site "Copenhagen"]
[Date "2024.07.28"]
[Round "9.16"]
[White "Hammari, Vinjar"]
[Black "Christensen, Stefan"]
[Result "0-1"]
[WhiteElo "2203"]
[BlackElo "2210"]
[WhiteFideId "1552007"]
[BlackFideId "1404148"]
[EventDate "2024.07.22"]
[EventType "swiss"]
[EventRounds "9"]
[EventCountry "DEN"]
[SourceTitle "Live v. Obro Skakforening"]

1. e4   e6  2. d4   d5  3. Nd2   Be7  4. c3   c5  5. e5   Nc6  6. Ndf3   Qb6  7. Bd3   cxd4  8. cxd4   Bd7  9. Ne2   f5  10. h4  10... O-O-O  11. a3   Na5  12. b4   Nc4  13. Qb3   Kb8  14. Rh3   Nh6  15. Kf1   Ng4  16. Rb1   Rc8  17. Bf4   Ka8  18. h5   Qd8  19. a4   g5  20. hxg6  20... hxg6  21. Bc1   Bh4  22. g3   Be7  23. Neg1   Rxh3  24. Nxh3   Qe8  25. Ra1   Qf8  26. Kg2   Qg7  27. Bg5   b6  28. Rc1   Bxg5  29. Rxc4   dxc4  30. Bxc4  30... Bd8  31. Bxe6   Bxe6  32. Qxe6   Qb7  33. d5   Rc2  34. Nd4   Rd2  35. Nc6   Qc7  36. Kg1   Rd1+  37. Kg2   Rd2  38. Kg1   Re2  39. Nf4   Re1+  40. Kg2  40... Nxe5  41. Qe8   Nxc6  42. Qxe1   Qe5  43. Qd1   Nd4  44. Kg1   Bg5  45. Nh3   Bf6  46. Nf4   g5  47. Ne6   Nxe6  48. dxe6   Qxe6  49. a5   bxa5  50. bxa5  50... Qe5  51. Qd7   Qe1+  52. Kg2   Qe4+  53. Kh2   Be5  54. a6   Qf3  55. Kg1   f4  56. Qf7   Qc6  57. gxf4   gxf4  58. Qf5   Bb8  59. Qd3   f3  60. Qd1  60... Qg6+  0-1

[Event "Oebro CXU International 2024"]
[Site "Copenhagen"]
[Date "2024.07.28"]
[Round "9.17"]
[White "Thuesen, Mogens Henrik"]
[Black "Veiergang, Oscar Jacob"]
[Result "1/2-1/2"]
[WhiteElo "2095"]
[BlackElo "2070"]
[EventDate "2024.07.22"]
[EventType "swiss"]
[EventRounds "9"]
[EventCountry "DEN"]
[SourceTitle "Live v. Obro Skakforening"]

1. d4   Nf6  2. c4   c5  3. Nf3   cxd4  4. Nxd4   Nc6  5. Nc3   g6  6. e4   d6  7. Be2   Bg7  8. Nc2   O-O  9. Be3   Be6  10. O-O  10... Rc8  11. f3   a6  12. Nd5   Nd7  13. Rb1   Bxd5  14. cxd5   Nce5  15. Nd4   Qa5  16. a3   Nc4  17. Bxc4   Rxc4  18. Nb3   Qa4  19. Na1   Qxd1  20. Rfxd1  20... Rfc8  21. Kf1   b5  22. Ke2   f5  23. b3   R4c7  24. exf5   gxf5  25. b4   Ne5  26. Bd4   Nc4  27. Nc2   Nb2  28. Rxb2   Rxc2+  29. Rd2   Rxb2  30. Bxb2  30... Bxb2  31. Rxb2   Kf7  32. Kd3   Rc1  33. Ra2   Kf6  34. f4   h5  35. Ke2   h4  36. Rd2   Rc4  37. Ke3   Re4+  38. Kf3   Rc4  1/2-1/2

[Event "Oebro CXU International 2024"]
[Site "Copenhagen"]
[Date "2024.07.28"]
[Round "9.18"]
[White "Wahlgreen, Noah Krug"]
[Black "Eklund, Joel"]
[Result "1/2-1/2"]
[WhiteElo "2169"]
[BlackElo "2240"]
[WhiteFideId "1457349"]
[BlackFideId "1705288"]
[EventDate "2024.07.22"]
[EventType "swiss"]
[EventRounds "9"]
[EventCountry "DEN"]
[SourceTitle "Live v. Obro Skakforening"]

1. e4   c6  2. Nf3   d5  3. Nc3   dxe4  4. Nxe4   Nf6  5. Qe2   Bg4  6. Nxf6+   gxf6  7. Qe3   e6  8. Bc4   Nd7  9. d4   Bxf3  10. gxf3  10... Qb6  11. b3   O-O-O  12. Bb2   Bd6  13. O-O-O   Qc7  14. Kb1   h5  15. h4   Rdg8  16. Rdg1   Qd8  17. f4   Rxg1+  18. Rxg1   Rg8  19. Rg3   f5  20. Rg5  20... Be7  21. Rxg8   Qxg8  22. Qg3   Qg4  23. Qxg4   fxg4  24. f5   Bxh4  25. fxe6   fxe6  26. Bxe6   Bxf2  27. d5   cxd5  28. Bxd5   h4  29. Be6   g3  30. Bh3  30... Kc7  31. c4   Kd6  32. Kc2   Ne5  33. Bxe5+   Kxe5  34. Kd3   Kf4  35. Ke2   Bc5  36. Kf1   b6  37. Kg2   Ke3  38. a4   Kd3  39. a5   bxa5  40. Bd7  40... Kc3  41. Ba4   Kd2  42. Kh3   Ke3  43. Kg2   Kf4  44. Bd7   Ke3  45. Ba4   Kf4  46. Bd7   Ke5 1/2-1/2

[Event "Oebro CXU International 2024"]
[Site "Copenhagen"]
[Date "2024.07.28"]
[Round "9.19"]
[White "Jaksland, Tim"]
[Black "Schmidt, Kristen"]
[Result "1-0"]
[WhiteElo "2074"]
[BlackElo "2216"]
[WhiteFideId "1401084"]
[BlackFideId "1400436"]
[EventDate "2024.07.22"]
[EventType "swiss"]
[EventRounds "9"]
[EventCountry "DEN"]
[SourceTitle "Live v. Obro Skakforening"]

1. e4   c5  2. c3   Nf6  3. e5   Nd5  4. Bc4   e6  5. Nf3   Nc6  6. d4   cxd4  7. cxd4   Be7  8. O-O   d6  9. Qe2   O-O  10. Nc3  10... Nxc3  11. bxc3   dxe5  12. dxe5   Qa5  13. Rb1   Rd8  14. Bd3   Qc7  15. Re1   g6  16. h4   Bd7  17. h5   Be8  18. Bf4   Na5  19. Be4   Rac8  20. Ng5  20... h6  21. Nxf7   Bxf7  22. hxg6   Bf8  23. gxf7+   Qxf7  24. Qg4+   Kh8  25. Qh4   Qg7  26. Re3   Rc4  27. Qxd8  1-0

[Event "Oebro CXU International 2024"]
[Site "Copenhagen"]
[Date "2024.07.28"]
[Round "9.20"]
[White "Simonsen, Carsten"]
[Black "Meskenas, Paulius"]
[Result "0-1"]
[WhiteElo "2212"]
[BlackElo "2168"]
[WhiteFideId "1439898"]
[BlackFideId "12809969"]
[EventDate "2024.07.22"]
[EventType "swiss"]
[EventRounds "9"]
[EventCountry "DEN"]
[SourceTitle "Live v. Obro Skakforening"]

1. d4   Nf6  2. Nf3   d5  3. Bf4   e6  4. e3   Bd6  5. c3   c5  6. Nbd2   Qc7  7. Bxd6   Qxd6  8. Ne5   Nfd7  9. f4   c4  10. b3  10... Qa3  11. Be2   f6  12. Nxd7   Nxd7  13. O-O   b5  14. Bf3   Nb6  15. e4   O-O  16. Qc2   f5  17. exf5   exf5  18. Rfe1   Qd6  19. Re5   Be6  20. Rae1  20... Rae8  21. g3   Nd7  22. R5e2   Nf6  23. Nf1   Ne4  24. Bxe4   fxe4  25. Ne3   cxb3  26. axb3   Rc8  27. b4   a5  28. bxa5   b4  29. c4   dxc4  30. Qxe4  30... c3  31. d5   Bd7  32. Rb1   Rb8  33. Qd4   Rfc8  34. Rc2   Ba4  35. Rcc1   Qc5  36. Qxc5   Rxc5  37. a6   b3  38. Kf2   b2  39. Re1   Ra8  0-1